000 00681nam a2200205 i 4500
001 33126
003 ES-MaACL
005 20250819002056.0
007 t|
008 030201s1970 sp ||||1| spa d
130 0 _aBiblia.
_lEspañol
_9119282
245 1 0 _aBiblia inquietante. Justicia para el Tercer Mundo /
_cedición preparada por Helmut Hanz y Jürgen Rump ; [traducción por A. Sánchez Pascual].
260 _a[Madrid :
_bEuroamérica,
_c1970]
300 _a196 p. ;
_c14 cm.
700 1 _aHanz, Helmut.
_961786
700 1 _aRump, Jürgen.
_9100995
700 1 _aSánchez Pascual, Andrés.
_9102833
852 _aES-MaACL
_jC-42146
_bR.76498
999 _c33126
_d33126